Puskás-palkinnon voittajat - Statistics

Yleistilastot
  • Tätä visaa on pelattu 5 kertaa
  • Keskiarvotulos 2 / 15
Vastaustilastot
Vuosi Voittaja % Oikein
2009 Cristiano Ronaldo
60%
2018 Mohamed Salah
40%
2011 Neymar
40%
2021 Erik Lamela
20%
2020 Son Heung-min
20%
2013 Zlatan Ibrahimovic
20%
2019 Daniel Zsori
0%
2023 Guilherme Madruga
0%
2010 Hamit Altintop
0%
2014 James Rodriguez
0%
2022 Marcin Oleksy
0%
2012 Miroslav Stoch
0%
2016 Mohd Faiz Subri
0%
2017 Olivier Giroud
0%
2015 Wendell Lira
0%
Ehtoja vastaavia visoja ei löytynyt
Tulosjakauma
Jokaisen tuloksen saaneiden osuus
Persentiili vastausten määrän mukaan
Tuloshistoriasi
Et ole pelannut tätä visaa